| 000 | 00723nam a2200265Ia 4500 | ||
|---|---|---|---|
| 008 | 171120s9999 xx 000 0 und d | ||
| 020 | _a141292863X | ||
| 050 | _a371.1 | ||
| 050 | _bR724 2006 | ||
| 100 | _aRogers, Bill | ||
| 245 | _aClassroom behaviour : | ||
| 245 | _ba practical guide to effective teaching, behaviour management and colleague support / | ||
| 245 | _cby Bill Rogers. | ||
| 250 | _aSecond edition | ||
| 260 | _aLondon : | ||
| 260 | _bPaul Chapman Publishing, | ||
| 260 | _c2006 | ||
| 300 | _a230 pages : | ||
| 300 | _billustrations ; | ||
| 300 | _c23cm. | ||
| 650 | _aBehaviour modification. | ||
| 650 | _aClassroom management. | ||
| 650 | _aEffective teaching. | ||
| 700 | _aTitle. | ||
| 999 |
_c344995 _d344995 |
||